|
|
|
|
| LEADER |
00781cam a2200217 7i4500 |
| 001 |
0000021215 |
| 005 |
20151104090000.0 |
| 005 |
##20151104123800.0 |
| 003 |
##MY-KlINT |
| 020 |
# |
# |
|a 9839319272
|
| 039 |
# |
9 |
|y 201511041238
|z VLOAD
|
| 090 |
0 |
0 |
|a E 492.7
|b PEN
|
| 245 |
0 |
0 |
|a Penerjemahan Arab-Melayu-Arab :
|b peraturan dan dasar /
|c penerjemahan dan adaptasi Haji Muhammad Bukhari lubis, Mohd. Fauzi Jumingan, Khairunnawa Mohamed.
|
| 260 |
# |
# |
|a Kuala Lumpur:
|b Universiti Putra Malaysia,
|c 1998.
|
| 300 |
# |
# |
|a 203 p..
|
| 500 |
# |
# |
|a Includes index
|
| 650 |
# |
0 |
|a Arabic language --
|x Conversation and phrase books --
|x Malay
|
| 650 |
# |
0 |
|a Arabic language --
|x Translations into Malay
|
| 700 |
0 |
# |
|a Muhammad Bukhari Lubis, Haji
|
| 700 |
0 |
# |
|a Khairunnawa Mohamed
|
| 700 |
0 |
# |
|a Mohd Fauzi Jumingan
|